000
00325nam a22001457a 4500
003
SGT
020
_a
938426663-9
082
_a
612.015
_b
CHI
100
_a
CHIKHALE, HEMANT U.
245
_a
A TEXTBOOK OF BIOCHEMISTRY
260
_a
INDIA
_b
BIRLA PUB.
_c
2027
300
_a
352
650
_a
BIOCHEMISTRY
942
_2
ddc
_c
BK
999
_c
32973
_d
32973